[Event "11. Longericher Sommer-Open A"]
[Site "?"]
[Date "2014.08.02"]
[Round "2.21"]
[White "Gnass, Arno"]
[Black "Gelsok, Philipp"]
[Result "1-0"]
[WhiteElo "1761"]
[BlackElo "1877"]
[PlyCount "87"]
[EventDate "2015.??.??"]
[WhiteTeam "Turnerschaft Bergisch Gladbach 1"]
[BlackTeam "Bergische SF 1923 Ber"]

1. d4 f5 2. g3 e6 3. Bg2 Nf6 4. b3 Be7 5. Bb2 d6 6. Nd2 O-O 7. e4 fxe4 8. Nxe4
Qe8 9. Nxf6+ Bxf6 10. Nf3 Nc6 11. O-O Qg6 12. a3 Bd7 13. Rb1 Rae8 14. d5 exd5
15. Bxf6 Qxf6 16. Qxd5+ Kh8 17. b4 Bg4 18. Nd2 Be2 19. Ne4 Qd4 20. Ng5 Qxd5 21.
Bxd5 Nd8 22. Rfe1 h6 23. Nh3 c6 24. Bg2 Bg4 25. Nf4 Bf5 26. Nd3 Ne6 27. b5 Nd4
28. Rxe8 Rxe8 29. bxc6 bxc6 30. Re1 Ne2+ 31. Kf1 Nxg3+ 32. hxg3 Rb8 33. Bxc6
Bxd3+ 34. cxd3 Kh7 35. Be4+ Kg8 36. a4 Kf7 37. a5 a6 38. Rc1 Rb5 39. Rc6 Rxa5
40. Rxd6 Ra3 41. f4 a5 42. Ke2 Ra1 43. Bd5+ Kf8 44. Rd7 1-0

[Event "11. Longericher Sommer-Open A"]
[Site "?"]
[Date "2014.08.02"]
[Round "2.22"]
[White "Milde, Mathias"]
[Black "Martens, Alexander"]
[Result "1/2-1/2"]
[WhiteElo "1848"]
[BlackElo "1687"]
[PlyCount "83"]
[EventDate "2015.??.??"]
[WhiteTeam "SV Wiehl 1923 e.V."]
[BlackTeam "SG Porz e.V."]

1. c4 c6 2. Nc3 d5 3. d4 Nf6 4. e3 e6 5. Nf3 Nbd7 6. a3 dxc4 7. Bxc4 Bd6 8. e4
Be7 9. Qc2 b5 10. Bd3 h6 11. O-O a6 12. Ne2 c5 13. e5 Nd5 14. Nf4 Bb7 15. Nxe6
fxe6 16. Bg6+ Kf8 17. Bh5 Kg8 18. Qg6 Nf8 19. Qf7+ Kh7 20. g4 Bc6 21. g5 hxg5
22. dxc5 Be8 23. Qxe8 Qxe8 24. Bxe8 Rxe8 25. Nxg5+ Bxg5 26. Bxg5 Nd7 27. b4
Nxe5 28. f4 Nc4 29. Rf3 Rhf8 30. Rd1 Rf7 31. Rd4 Nde3 32. Re4 Nc2 33. f5 Ref8
34. Rh3+ Kg8 35. fxe6 Rf1+ 36. Kg2 R1f2+ 37. Kg3 R2f3+ 38. Kg4 N2e3+ 39. Bxe3
Nxe3+ 40. Rxe3 R8f4+ 41. Kg5 Rf5+ 42. Kg6 1/2-1/2

[Event "11. Longericher Sommer-Open A"]
[Site "?"]
[Date "2014.08.02"]
[Round "2.24"]
[White "Suvorov, Luca"]
[Black "Liparteliani, Akaki"]
[Result "0-1"]
[WhiteElo "1644"]
[BlackElo "1817"]
[PlyCount "128"]
[EventDate "2015.??.??"]
[WhiteTeam "SG Porz e.V."]

1. d4 Nf6 2. Nf3 d5 3. c4 e6 4. cxd5 exd5 5. Qc2 Be7 6. Nc3 O-O 7. Bg5 c6 8. e3
a5 9. Bd3 h6 10. Bh4 Na6 11. a3 b5 12. Ne5 Bd7 13. O-O Ne8 14. Bxe7 Qxe7 15.
Ne2 Qd6 16. Rac1 Nb8 17. Qc5 Qxc5 18. Rxc5 Ra7 19. Nxd7 Rxd7 20. a4 bxa4 21.
Rxa5 Rb7 22. Rb1 Nd6 23. Rxa4 Nd7 24. g3 Rfb8 25. Ra6 Rb6 26. Rxb6 Rxb6 27. Rc1
Kf8 28. Rc2 Ke7 29. Nc3 Rb3 30. Bf1 Nb6 31. Nb1 Ndc4 32. Nd2 Rxb2 33. Nxc4 Nxc4
34. Rc1 Nd2 35. Bg2 Kd6 36. Rd1 f5 37. h4 g5 38. hxg5 hxg5 39. Ra1 f4 40. exf4
gxf4 41. gxf4 Rb4 42. f5 Rxd4 43. Rd1 Ke5 44. Rc1 Rc4 45. Rxc4 Nxc4 46. Kf1
Kxf5 47. Ke2 Ke5 48. Kd3 Nb2+ 49. Kc2 Na4 50. Kd3 Nc5+ 51. Ke3 Ne6 52. Bh3 Nf4
53. Bd7 c5 54. Bb5 d4+ 55. Kd2 Kd5 56. Be8 c4 57. Bf7+ Kc5 58. Bg8 c3+ 59. Kc2
Kb4 60. f3 d3+ 61. Kd1 Ng2 62. Bh7 Ne3+ 63. Ke1 d2+ 64. Ke2 d1=Q+ 0-1

[Event "11. Longericher Sommer-Open A"]
[Site "?"]
[Date "2014.08.02"]
[Round "2.25"]
[White "Levink, Clemens"]
[Black "Zilberman, Rodion"]
[Result "1/2-1/2"]
[WhiteElo "1806"]
[BlackElo "1776"]
[PlyCount "47"]
[EventDate "2015.??.??"]
[WhiteTeam "SV Het Casteel (NL)"]
[BlackTeam "SF Köln-Longerich 195"]

1. e4 d6 2. d4 g6 3. Nc3 Bg7 4. Be3 Nf6 5. f3 c6 6. Qd2 Be6 7. a3 Nbd7 8. Nge2
Nb6 9. Nf4 Bc4 10. Nd3 Ba6 11. b3 Nbd7 12. Bh6 Bxh6 13. Qxh6 Qa5 14. Qd2 Qb6
15. Qf2 e5 16. dxe5 Qxf2+ 17. Kxf2 Bxd3 18. Bxd3 dxe5 19. Rhd1 Ke7 20. Rd2 Rad8
21. Rad1 Nc5 22. Be2 Rxd2 23. Rxd2 Ne6 24. Ke3 1/2-1/2

[Event "11. Longericher Sommer-Open A"]
[Site "?"]
[Date "2014.08.02"]
[Round "2.26"]
[White "Schumacher, Markus"]
[Black "Baltic, Fatih"]
[Result "0-1"]
[WhiteElo "1721"]
[BlackElo "1795"]
[PlyCount "146"]
[EventDate "2015.??.??"]
[WhiteTeam "Godesberger SK 1929 e.V."]
[BlackTeam "SG Porz e.V."]

1. e4 c5 2. Nc3 e6 3. g3 a6 4. Bg2 Qc7 5. a4 b6 6. d3 Bb7 7. Nge2 Nf6 8. O-O
Be7 9. Bf4 d6 10. Qd2 Nc6 11. Be3 Nb4 12. f4 d5 13. exd5 Nbxd5 14. Nxd5 Nxd5
15. Rae1 Bf6 16. c3 O-O 17. d4 Nxe3 18. Qxe3 Bxg2 19. Kxg2 Qc6+ 20. Qf3 Qxa4
21. dxc5 bxc5 22. Rf2 Qb5 23. Nc1 Rad8 24. Rd1 Rxd1 25. Qxd1 Rd8 26. Qc2 Qc6+
27. Kh3 Qb5 28. c4 Qd7 29. Nb3 Qd1 30. Qxd1 Rxd1 31. Na5 g6 32. b3 Rd6 33. Rf3
Rb6 34. Rd3 Bd4 35. g4 f5 36. g5 Kg7 37. Kg2 h5 38. h4 Kf7 39. Kf3 Ke7 40. b4
Kd6 41. Rxd4+ cxd4 42. c5+ Kc7 43. cxb6+ Kxb6 44. Nc4+ Kb5 45. Ne5 Kxb4 46.
Nxg6 a5 47. Ne5 a4 48. Nd3+ Kc3 49. Ke2 a3 50. Nc1 Kc2 51. g6 Kxc1 52. g7 a2
53. g8=Q a1=Q 54. Qg1+ Kb2 55. Qxa1+ Kxa1 56. Kd3 e5 57. fxe5 f4 58. Ke2 Kb2
59. e6 Kc2 60. e7 d3+ 61. Kf3 d2 62. e8=Q d1=Q+ 63. Kxf4 Qg4+ 64. Ke3 Qg3+ 65.
Kd4 Qc3+ 66. Kd5 Qd3+ 67. Kc5 Qa3+ 68. Kd5 Qa5+ 69. Kd6 Qd2+ 70. Kc5 Qf2+ 71.
Kd5 Qd2+ 72. Kc5 Kc1 73. Qxh5 Qa5+ 0-1

[Event "11. Longericher Sommer-Open A"]
[Site "?"]
[Date "2014.08.02"]
[Round "2.27"]
[White "Kemper, Michael"]
[Black "Ringeltaube, Denny"]
[Result "1-0"]
[WhiteElo "1839"]
[BlackElo "1754"]
[PlyCount "69"]
[EventDate "2015.??.??"]
[WhiteTeam "SV Bayer Dormagen 47"]
[BlackTeam "Klub Kölner SF e.V. 1"]

1. e4 c5 2. Nc3 Nc6 3. Bb5 Nd4 4. Bc4 e6 5. Nf3 a6 6. a4 Ne7 7. Nxd4 cxd4 8.
Ne2 Qc7 9. Bb3 Nc6 10. O-O Bc5 11. d3 d6 12. Bd2 Bd7 13. c3 Qb6 14. Rc1 O-O 15.
Ng3 Ne5 16. a5 Qd8 17. Bc2 Ng6 18. c4 e5 19. b4 Ba7 20. Nf5 Bxf5 21. exf5 Nh8
22. Qg4 Qd7 23. Bd1 f6 24. Bf3 Kf7 25. Bd5+ Ke8 26. Rfe1 Kd8 27. b5 axb5 28. a6
Bc5 29. cxb5 Rb8 30. Be6 Qe7 31. Rxc5 dxc5 32. a7 Ra8 33. Ba5+ Ke8 34. Bb6 g6
35. Rc1 1-0

[Event "11. Longericher Sommer-Open A"]
[Site "?"]
[Date "2014.08.02"]
[Round "2.28"]
[White "Runte, Dirk"]
[Black "Mandt, Joachim"]
[Result "0-1"]
[WhiteElo "1758"]
[BlackElo "1798"]
[PlyCount "80"]
[EventDate "2015.??.??"]
[WhiteTeam "SV Fideler Bauer Lever"]
[BlackTeam "Vereinigung der Schachsportfreun"]

1. d4 e6 2. c4 Nf6 3. g3 d5 4. Bg2 Be7 5. Nf3 dxc4 6. O-O a6 7. a4 Nc6 8. Nc3
Rb8 9. e4 O-O 10. e5 Nd5 11. Ne4 b5 12. Nfg5 g6 13. h4 h5 14. g4 f6 15. exf6
Bxf6 16. gxh5 Bg7 17. hxg6 Nxd4 18. Qh5 Rf5 19. Be3 Nf6 20. Nxf6+ Qxf6 21. Qh7+
Kf8 22. Ne4 Ne2+ 23. Kh1 Qe7 24. Bg5 Rxg5 25. Nxg5 Nf4 26. Ra3 Bb7 27. Bxb7
Rxb7 28. axb5 Qd6 29. Rxa6 Qd5+ 30. f3 Rb8 31. Rf2 Qe5 32. Rxe6 Nxe6 33. Nxe6+
Qxe6 34. Kg2 Rxb5 35. Rd2 Qe7 36. Kf2 Rf5 37. Re2 Qf6 38. Re3 Qxb2+ 39. Kg3 Qf6
40. Ra3 Qd6+ 0-1

[Event "11. Longericher Sommer-Open A"]
[Site "?"]
[Date "2014.08.02"]
[Round "2.29"]
[White "Yon, Gregory"]
[Black "Alexopoulos, Spiros Orestis"]
[Result "1-0"]
[WhiteElo "1658"]
[BlackElo "1761"]
[PlyCount "124"]
[EventDate "2015.??.??"]
[WhiteTeam "Turnerschaft Bergisch Gladbach 1"]
[BlackTeam "Aachener SV 1856 e.V."]

1. c4 Nf6 2. Nf3 g6 3. d4 d5 4. g3 Bg7 5. Bg2 O-O 6. cxd5 Nxd5 7. O-O b6 8. e4
Nf6 9. e5 Nd5 10. Nc3 Bb7 11. Qb3 e6 12. Bg5 Qd7 13. Rfe1 h6 14. Bd2 Na6 15.
Rac1 c5 16. Qb5 Qe7 17. Nxd5 exd5 18. dxc5 bxc5 19. Qe2 Rfe8 20. b3 Rad8 21.
Ba5 Rd7 22. Bh3 d4 23. e6 Rd5 24. exf7+ Kxf7 25. Qc4 Qf6 26. Rxe8 Kxe8 27. Qb5+
Qc6 28. Re1+ Kf8 29. Qxc6 Bxc6 30. Nd2 Re5 31. Rxe5 Bxe5 32. Bc8 Nb4 33. Bxb4
cxb4 34. Ba6 Ke7 35. h4 Bd7 36. f4 Bf6 37. Kf2 Bf5 38. Kf3 h5 39. Ne4 Bg7 40.
Nc5 Kd6 41. Nd3 Bf8 42. Nxb4 Kc5 43. Nd3+ Kb6 44. Bc4 Kc7 45. a4 a5 46. Kf2 Kd6
47. Ke2 Bg7 48. b4 axb4 49. a5 Be4 50. a6 Ba8 51. Kd2 Kc7 52. Nxb4 Kb6 53. Bd3
Bf8 54. Nc2 Bc5 55. Bxg6 Bf3 56. Bd3 Ka7 57. Bb5 Kb6 58. Kd3 Bg2 59. Nxd4 Bf1+
60. Kc3 Bxb5 61. Nxb5 Be7 62. a7 Kb7 1-0

[Event "11. Longericher Sommer-Open A"]
[Site "?"]
[Date "2014.08.02"]
[Round "3.1"]
[White "Jesse, Ingemars"]
[Black "Herzum, Peter"]
[Result "1-0"]
[WhiteElo "2363"]
[BlackElo "1948"]
[PlyCount "73"]
[EventDate "2015.??.??"]
[WhiteTeam "SG Bochum 1931"]
[BlackTeam "Düsseldorfer SK 14/25 e."]

1. Nf3 Nf6 2. g3 d5 3. Bg2 c6 4. O-O Bg4 5. d4 Nbd7 6. Nbd2 e6 7. Re1 Be7 8. e4
dxe4 9. Nxe4 Nxe4 10. Rxe4 Nf6 11. Re1 O-O 12. c3 Qb6 13. Qb3 Bxf3 14. Bxf3
Rfe8 15. Qc2 Qc7 16. a4 Rad8 17. a5 a6 18. Qb3 Bd6 19. Bg5 e5 20. d5 c5 21. Ra4
Be7 22. d6 Rxd6 23. Rxe5 b5 24. Ra1 c4 25. Qc2 Rd1+ 26. Rxd1 Qxe5 27. Bf4 Qe6
28. Qe2 Qxe2 29. Bxe2 Ne4 30. Bf3 Nc5 31. Bd6 Nd3 32. Bc6 Rc8 33. Bb7 Bxd6 34.
Bxc8 Bf8 35. Bxa6 Nxb2 36. Rd2 Nd3 37. Bxb5 1-0

[Event "11. Longericher Sommer-Open A"]
[Site "?"]
[Date "2014.08.02"]
[Round "3.2"]
[White "Khanukov, Boris"]
[Black "Hennig, Edgar"]
[Result "1-0"]
[WhiteElo "2339"]
[BlackElo "1882"]
[PlyCount "126"]
[EventDate "2015.??.??"]
[WhiteTeam "Bahn-SC Wuppertal"]
[BlackTeam "Satranç Club 2000 e.V."]

1. Nf3 Nf6 2. d4 e6 3. g3 d5 4. Bg2 c6 5. O-O Be7 6. b3 Nbd7 7. Bb2 O-O 8. Nbd2
c5 9. c4 cxd4 10. Nxd4 Nb6 11. cxd5 exd5 12. Rc1 Bd7 13. Qc2 Bd6 14. Nf5 Bxf5
15. Qxf5 Qd7 16. Qg5 Be7 17. Rfd1 h6 18. Qf4 Rac8 19. Nf1 Qe6 20. Ne3 Bd6 21.
Qd4 Rxc1 22. Rxc1 Re8 23. a4 Be5 24. Qxe5 Qxe5 25. Bxe5 Rxe5 26. a5 Nbd7 27.
Rd1 b6 28. Kf1 bxa5 29. Nxd5 Kf8 30. Nxf6 Nxf6 31. Bc6 Ke7 32. Rc1 Kd6 33. Ba4
Rc5 34. Rd1+ Ke7 35. f3 Nd5 36. Kf2 Nb6 37. Rd4 Nxa4 38. bxa4 Ke6 39. h4 h5 40.
g4 g6 41. g5 a6 42. Rf4 Ke7 43. Ke3 Rc3+ 44. Kd4 Rb3 45. Kd5 Rb4 46. Re4+ Kd7
47. Rd4 Ke7 48. Ke5 Rb6 49. Re4 Rb4 50. f4 Kf8 51. Rd4 Ke7 52. e4 Rb6 53. Rd5
Re6+ 54. Kd4 Rb6 55. Rxa5 f6 56. Rc5 fxg5 57. fxg5 Ke6 58. Ke3 Rb3+ 59. Kf4 Rh3
60. Rc6+ Kf7 61. Ke5 Rxh4 62. Rxa6 Rg4 63. Ra7+ Kf8 1-0

[Event "11. Longericher Sommer-Open A"]
[Site "?"]
[Date "2014.08.02"]
[Round "3.3"]
[White "Ramien, David"]
[Black "Rotstein, Jefim"]
[Result "0-1"]
[WhiteElo "1880"]
[BlackElo "2356"]
[PlyCount "98"]
[EventDate "2015.??.??"]
[WhiteTeam "SG Porz e.V."]
[BlackTeam "SC Tornado 86 Hochneukirch"]

1. e4 c5 2. Nf3 Nc6 3. Bb5 e5 4. O-O Bd6 5. Re1 Nge7 6. c3 O-O 7. d4 cxd4 8.
cxd4 Nxd4 9. Nxd4 exd4 10. Qxd4 Qc7 11. h3 a6 12. Be2 b5 13. Be3 Bb7 14. Rc1
Nc6 15. Qd2 Rae8 16. Nc3 Qb8 17. f3 Ne5 18. Nd5 Ng6 19. Rd1 Bxd5 20. Qxd5 Re6
21. a4 Nf4 22. Bxf4 Bxf4 23. Rd3 Qb6+ 24. Kh1 Qf2 25. Bf1 Rd6 26. Qf5 Qg3 27.
Kg1 Qh2+ 28. Kf2 Bg3+ 29. Ke2 Qg1 30. Rxd6 Qf2+ 31. Kd3 Bxd6 32. Be2 Bc5 33.
Qg5 h6 34. Qd2 d5 35. e5 Qd4+ 36. Kc2 Qxe5 37. axb5 axb5 38. Bd3 Be3 39. Qe2
Rc8+ 40. Kd1 b4 41. Qc2 Qb8 42. Qe2 Bg5 43. Bb5 b3 44. Qd3 Qf4 45. Bc6 Qc7 46.
Ra6 Qh2 47. Qf1 Qf4 48. Qd3 Qc1+ 49. Ke2 Qc2+ 0-1

[Event "11. Longericher Sommer-Open A"]
[Site "?"]
[Date "2014.08.02"]
[Round "3.4"]
[White "Liparteliani, Akaki"]
[Black "Harff, Marcel"]
[Result "1-0"]
[WhiteElo "1817"]
[BlackElo "2325"]
[PlyCount "89"]
[EventDate "2015.??.??"]
[BlackTeam "SG Hochneukirch"]

1. e4 e6 2. d4 d5 3. Nc3 Bb4 4. e5 c5 5. a3 Ba5 6. dxc5 Bxc3+ 7. bxc3 Qa5 8.
Bd2 Qxc5 9. Nf3 Ne7 10. Bd3 h6 11. O-O Nbc6 12. Qe2 a6 13. Rfb1 Rb8 14. a4 O-O
15. Rb3 f6 16. Be3 d4 17. cxd4 Qa5 18. exf6 Rxf6 19. Bd2 Qd5 20. Rd1 Nf5 21. c4
Qd8 22. Bc3 Rf8 23. d5 exd5 24. cxd5 Na5 25. Rb4 Bd7 26. Rg4 Rf7 27. Ne5 Re7
28. Qd2 b6 29. Bxa6 Nd6 30. Nxd7 Qxd7 31. f3 Nb3 32. Qb2 Nc5 33. Bb5 Qa7 34.
Ra1 Rf7 35. Bb4 Nxb5 36. axb5 Qd7 37. Bc3 Rb7 38. Ra8+ Rf8 39. Rxf8+ Kxf8 40.
Bxg7+ Ke8 41. Qe5+ Qe7 42. Qh5+ Kd8 43. h4 Nd3 44. Qxh6 Rd7 45. Bf6 1-0

[Event "11. Longericher Sommer-Open A"]
[Site "?"]
[Date "2014.08.02"]
[Round "3.5"]
[White "Bröhl, Stephan"]
[Black "Kuhn, Andreas"]
[Result "1-0"]
[WhiteElo "2151"]
[BlackElo "1926"]
[PlyCount "35"]
[EventDate "2015.??.??"]
[WhiteTeam "SG Niederkassel"]
[BlackTeam "SG Niederkassel"]

1. e4 d6 2. d4 Nf6 3. Nc3 Nbd7 4. g4 h6 5. h3 e5 6. Nge2 Be7 7. Bg2 c6 8. a4
Nf8 9. f4 Ng6 10. O-O exd4 11. Nxd4 O-O 12. Be3 Qc7 13. Qe1 Bd7 14. Nf5 Rfe8
15. Qf2 b6 16. g5 hxg5 17. fxg5 Nh7 18. Nxg7 1-0

[Event "11. Longericher Sommer-Open A"]
[Site "?"]
[Date "2014.08.02"]
[Round "3.6"]
[White "Lindam, Ingo"]
[Black "Leontiev, Oleg"]
[Result "1-0"]
[WhiteElo "2076"]
[BlackElo "1900"]
[PlyCount "143"]
[EventDate "2015.??.??"]
[WhiteTeam "Kölner SK Dr. Lasker 186"]
[BlackTeam "1. Schach-Klub Troisdorf e.V."]

1. d4 d5 2. Nf3 Nf6 3. Bf4 c5 4. e3 Nc6 5. Nbd2 Bg4 6. c3 e6 7. Bd3 Be7 8. O-O
O-O 9. Qb1 h6 10. h3 Bxf3 11. Nxf3 Rc8 12. Rd1 cxd4 13. exd4 Na5 14. Qc1 Nc4
15. Rb1 Re8 16. Re1 Bf8 17. g4 Nh7 18. h4 Nf6 19. g5 Nh5 20. Bh2 hxg5 21. Nxg5
g6 22. Qc2 Qf6 23. Be5 Nxe5 24. dxe5 Qg7 25. Qd2 Bc5 26. Nf3 Red8 27. Kh1 Bf8
28. Rg1 Qh6 29. Rg5 Kh8 30. Rbg1 Be7 31. R5g4 Qxd2 32. Nxd2 Rg8 33. Nf3 Rg7 34.
Kg2 a6 35. Kf1 b5 36. Ke2 Rb8 37. a3 a5 38. Nd4 Bc5 39. Nc6 Ra8 40. Bxb5 Rgg8
41. a4 Kh7 42. Nd4 Ng7 43. Nf3 Rh8 44. Ng5+ Kg8 45. Nf3 Nf5 46. Rh1 Kf8 47. b4
Bb6 48. Bd3 Rc8 49. bxa5 Bxa5 50. c4 Ne7 51. Rb1 Bc3 52. Rb3 Ba5 53. Rb7 Bc7
54. cxd5 Nxd5 55. Rc4 Kg7 56. Ng5 Rhd8 57. a5 Bxa5 58. Nxe6+ Kg8 59. Nxd8 Rxd8
60. Rb3 Bc7 61. f4 Ba5 62. Kf3 Be1 63. h5 gxh5 64. Be4 Ne7 65. Rb7 Kf8 66. Rcc7
Bh4 67. f5 f6 68. Rxe7 fxe5 69. Rf7+ Kg8 70. Rg7+ Kf8 71. Rbf7+ Ke8 72. Bc6+
1-0

[Event "11. Longericher Sommer-Open A"]
[Site "?"]
[Date "2014.08.02"]
[Round "3.7"]
[White "Baltic, Fatih"]
[Black "Arlt, Klaus"]
[Result "1-0"]
[WhiteElo "1795"]
[BlackElo "2069"]
[PlyCount "59"]
[EventDate "2015.??.??"]
[WhiteTeam "SG Porz e.V."]
[BlackTeam "SF Köln-Mülheim"]

1. e4 c5 2. Nf3 Nc6 3. d4 cxd4 4. Nxd4 d6 5. Nc3 Nf6 6. Bg5 e6 7. Qd2 Be7 8.
O-O-O Bd7 9. Ndb5 Qa5 10. Bxf6 gxf6 11. Nxd6+ Bxd6 12. Qxd6 O-O-O 13. Qf4 Qe5
14. Qe3 a6 15. Na4 Qa5 16. Nc3 Kc7 17. Kb1 b5 18. Qf4+ Kc8 19. Qxf6 b4 20. Ne2
e5 21. Ng3 Be6 22. Bc4 Nd4 23. Bxe6+ fxe6 24. Qh6 Rd7 25. Qe3 Rc7 26. Rd2 Qa4
27. Rc1 Rc5 28. Rxd4 Ra5 29. Rc4+ Kb7 30. Qb3 1-0

[Event "11. Longericher Sommer-Open A"]
[Site "?"]
[Date "2014.08.02"]
[Round "3.8"]
[White "Walter, Andreas"]
[Black "Rummelshaus, Heinz"]
[Result "1-0"]
[WhiteElo "2056"]
[BlackElo "1845"]
[PlyCount "73"]
[EventDate "2015.??.??"]
[WhiteTeam "SV Dinslaken 1923 e.V."]
[BlackTeam "Düsseldorfer SV 1854"]

1. d4 d5 2. c4 e6 3. Nc3 Nf6 4. cxd5 exd5 5. Bg5 Be7 6. e3 O-O 7. Bd3 c6 8. Qc2
Nbd7 9. Nf3 Re8 10. h3 Nf8 11. Bf4 Be6 12. O-O Rc8 13. Qa4 a5 14. Qb3 b5 15.
Qc2 N6d7 16. e4 dxe4 17. Nxe4 Nf6 18. Nc5 Bd5 19. Ne5 Bxg2 20. Kxg2 Qxd4 21.
Ne4 Nd5 22. Bg3 Bb4 23. Nf3 Qb6 24. a3 Red8 25. Rad1 Be7 26. Nc3 Nf6 27. Bf5
Rxd1 28. Rxd1 Rd8 29. Rxd8 Bxd8 30. Ne4 Nxe4 31. Bxe4 c5 32. Qd2 Ne6 33. Qd6 c4
34. Qxb6 Bxb6 35. Bd5 h6 36. Bxe6 fxe6 37. Be5 1-0

[Event "11. Longericher Sommer-Open A"]
[Site "?"]
[Date "2014.08.02"]
[Round "3.9"]
[White "Schäfers, Andreas"]
[Black "Gnass, Arno"]
[Result "1-0"]
[WhiteElo "2023"]
[BlackElo "1761"]
[PlyCount "77"]
[EventDate "2015.??.??"]
[WhiteTeam "SV Koblenz 03/25"]
[BlackTeam "Turnerschaft Bergisch Gladbach 1"]

1. d4 Nf6 2. Nf3 g6 3. c4 Bg7 4. Nc3 d5 5. e3 O-O 6. Qb3 dxc4 7. Bxc4 Nc6 8.
Be2 Na5 9. Qa4 b6 10. O-O Qd7 11. Bb5 c6 12. Be2 Qc7 13. Bd2 a6 14. Rfc1 Nb7
15. b4 Bg4 16. h3 Bxf3 17. Bxf3 b5 18. Qc2 e6 19. Ne2 Rac8 20. a4 Nd6 21. axb5
axb5 22. Ra6 Qe7 23. Qd3 e5 24. dxe5 Qxe5 25. Rc5 Qe7 26. Bxc6 Nde4 27. Rxb5
Rfd8 28. Nd4 Nxd2 29. Qxd2 Ne4 30. Qd3 Nd6 31. Rd5 Nf5 32. Nxf5 gxf5 33. b5
Rxd5 34. Qxd5 Rd8 35. Qxf5 Rd1+ 36. Kh2 Rd6 37. g3 Rf6 38. Ra8+ Bf8 39. Qg5+
1-0

[Event "11. Longericher Sommer-Open A"]
[Site "?"]
[Date "2014.08.02"]
[Round "3.10"]
[White "Kagan, Dennis"]
[Black "Lamprecht, Mark"]
[Result "1/2-1/2"]
[WhiteElo "1682"]
[BlackElo "2190"]
[PlyCount "35"]
[EventDate "2015.??.??"]
[WhiteTeam "SG Porz e.V."]
[BlackTeam "SF Lohmar 1974 e.V."]

1. e4 c6 2. c4 d5 3. exd5 cxd5 4. cxd5 Nf6 5. Qa4+ Nbd7 6. Nc3 g6 7. Nf3 Bg7 8.
Bc4 O-O 9. Qb3 a6 10. a4 b6 11. O-O Bb7 12. Re1 Rc8 13. d3 Nc5 14. Qa2 Qd6 15.
Bg5 h6 16. Bh4 Ncd7 17. Re2 Qb4 18. Rae1 1/2-1/2

[Event "11. Longericher Sommer-Open A"]
[Site "?"]
[Date "2014.08.02"]
[Round "3.11"]
[White "Milde, Mathias"]
[Black "Heinert, Eugen"]
[Result "1/2-1/2"]
[WhiteElo "1848"]
[BlackElo "2172"]
[PlyCount "82"]
[EventDate "2015.??.??"]
[WhiteTeam "SV Wiehl 1923 e.V."]
[BlackTeam "OSC Rheinhausen 04 e.V."]

1. c4 c6 2. e4 d5 3. cxd5 cxd5 4. exd5 Nf6 5. Nf3 g6 6. Bc4 Bg7 7. Qb3 O-O 8.
O-O Nbd7 9. Nc3 Nc5 10. Qd1 b6 11. Qe2 Bb7 12. d4 Ncd7 13. Rd1 Nb8 14. Bf4 Nxd5
15. Bxd5 Bxd5 16. Nxd5 Qxd5 17. Qxe7 Nc6 18. Qd6 Rad8 19. Qxd5 Rxd5 20. Be5
Rfd8 21. Bxg7 Kxg7 22. Kf1 Nxd4 23. Rxd4 Rxd4 24. Nxd4 Rxd4 25. Ke2 Kf6 26. Rd1
Rxd1 27. Kxd1 Ke5 28. Ke2 Kd4 29. Kd2 b5 30. Kc2 a5 31. Kd2 h5 32. h3 g5 33.
Ke2 f5 34. Kd2 a4 35. a3 h4 36. f3 f4 37. Ke2 Kc4 38. Kd2 Kb3 39. Kc1 b4 40.
axb4 Kxb4 41. Kd2 Kb3 1/2-1/2

[Event "11. Longericher Sommer-Open A"]
[Site "?"]
[Date "2014.08.02"]
[Round "3.12"]
[White "Mandt, Joachim"]
[Black "Lenhardt, Manfred"]
[Result "0-1"]
[WhiteElo "1798"]
[BlackElo "2103"]
[PlyCount "78"]
[EventDate "2015.??.??"]
[WhiteTeam "Vereinigung der Schachsportfreun"]
[BlackTeam "SC Weisse Dame e.V."]

1. e4 g6 2. d4 c6 3. Nc3 d5 4. Nf3 Bg7 5. Bf4 Bg4 6. exd5 cxd5 7. Be2 Nf6 8. h3
Bxf3 9. Bxf3 O-O 10. Qd2 Nc6 11. O-O e6 12. Na4 Nd7 13. Be3 b5 14. Nc3 Qa5 15.
Rfd1 Rfe8 16. a3 Qb6 17. Na2 Na5 18. c3 Nb3 19. Qe1 Nxa1 20. Rxa1 a5 21. Nc1 b4
22. Nd3 bxc3 23. bxc3 Rab8 24. Bd1 Qc6 25. Bd2 Rb6 26. f4 Reb8 27. Be2 Qb7 28.
Rd1 Rb1 29. Nc1 Ra1 30. h4 Rxa3 31. h5 gxh5 32. Nd3 Rb3 33. Ne5 Nf6 34. Qh4 Rb1
35. Bc1 Qb3 36. Bxh5 Nxh5 37. Qxh5 Rf8 38. Qf3 Qc2 39. Qd3 Rxc1 0-1

[Event "11. Longericher Sommer-Open A"]
[Site "?"]
[Date "2014.08.02"]
[Round "3.13"]
[White "Berkle, Pascal"]
[Black "Arold, Gerhard"]
[Result "1/2-1/2"]
[WhiteElo "1797"]
[BlackElo "2026"]
[PlyCount "53"]
[EventDate "2015.??.??"]
[WhiteTeam "SV Erftstadt e.V."]
[BlackTeam "Elberfelder SG"]

1. d4 Nf6 2. c4 g6 3. Nc3 d5 4. cxd5 Nxd5 5. e4 Nxc3 6. bxc3 Bg7 7. Qa4+ c6 8.
Nf3 Qc7 9. Be2 O-O 10. O-O Nd7 11. Be3 b6 12. Rac1 Bb7 13. Rfd1 e6 14. Qc2 Rac8
15. Qd2 e5 16. Nxe5 Nxe5 17. dxe5 Bxe5 18. g3 c5 19. Bf3 Rcd8 20. Qc2 f5 21.
Bg2 f4 22. Rxd8 Rxd8 23. Bd2 Qd6 24. Bxf4 Bxf4 25. gxf4 Qxf4 26. Rd1 Rxd1+ 27.
Qxd1 1/2-1/2

[Event "11. Longericher Sommer-Open A"]
[Site "?"]
[Date "2014.08.02"]
[Round "3.14"]
[White "Statz, Samuel"]
[Black "Kemper, Michael"]
[Result "1/2-1/2"]
[WhiteElo "1982"]
[BlackElo "1839"]
[PlyCount "25"]
[EventDate "2015.??.??"]
[WhiteTeam "SV Erftstadt e.V."]
[BlackTeam "SV Bayer Dormagen 47"]

1. e4 c5 2. c3 d5 3. exd5 Qxd5 4. d4 Nc6 5. Nf3 Bg4 6. Be2 cxd4 7. cxd4 e6 8.
Nc3 Qa5 9. d5 exd5 10. Qxd5 Qxd5 11. Nxd5 O-O-O 12. Nc3 Bxf3 13. Bxf3 1/2-1/2

[Event "11. Longericher Sommer-Open A"]
[Site "?"]
[Date "2014.08.02"]
[Round "3.15"]
[White "Zilberman, Rodion"]
[Black "Wolff, Michael"]
[Result "1/2-1/2"]
[WhiteElo "1776"]
[BlackElo "1955"]
[PlyCount "99"]
[EventDate "2015.??.??"]
[WhiteTeam "SF Köln-Longerich 195"]
[BlackTeam "Ford SF Köln e.V."]

1. d4 Nf6 2. c4 c5 3. d5 b5 4. a4 bxc4 5. Nc3 g6 6. e4 d6 7. Bxc4 Bg7 8. Nge2
Nbd7 9. O-O O-O 10. Rb1 Rb8 11. Bd2 Ne5 12. Ba2 Ba6 13. f4 Nd3 14. Qc2 Nb4 15.
Qb3 Bd3 16. Rbc1 Nc2 17. Nb5 c4 18. Qxc2 Bxc2 19. Rxc2 Qb6+ 20. Ned4 Nxe4 21.
Be3 Qb7 22. Nc6 Rbe8 23. Nbxa7 Nc5 24. Bxc4 Ra8 25. b4 Nxa4 26. Ra2 Nb6 27. Ba6
Rxa7 28. Bxb7 Rxb7 29. Bxb6 Rxb6 30. Nxe7+ Kh8 31. Nc6 Re8 32. Rd1 Bc3 33. Kf1
Bxb4 34. Rb2 Bc5 35. Rxb6 Bxb6 36. Rb1 Bc5 37. Rb8 Rxb8 38. Nxb8 Kg7 39. Ke2
Bg1 40. h3 f5 41. Nc6 Bb6 42. Kf3 Kf6 43. g4 fxg4+ 44. hxg4 h6 45. Ke4 Bg1 46.
Nd8 Bc5 47. Ne6 Ba3 48. g5+ hxg5 49. Nxg5 Bc1 50. Ne6 1/2-1/2

[Event "11. Longericher Sommer-Open A"]
[Site "?"]
[Date "2014.08.02"]
[Round "3.16"]
[White "Martens, Alexander"]
[Black "Maczkowiak, Thomas"]
[Result "1/2-1/2"]
[WhiteElo "1687"]
[BlackElo "1948"]
[PlyCount "25"]
[EventDate "2015.??.??"]
[WhiteTeam "SG Porz e.V."]
[BlackTeam "Märkischer Springer Halver-Schal"]

1. e4 c6 2. d4 d5 3. e5 Bf5 4. h4 h5 5. Bd3 Bxd3 6. Qxd3 e6 7. Nf3 Qa5+ 8. Bd2
Qa6 9. Qxa6 Nxa6 10. c3 c5 11. Ke2 Nh6 12. Bxh6 Rxh6 13. Nbd2 1/2-1/2